Пьесы (Запись № 6107192)

Подробности
000 -МАРКЕР
контрольное поле 02036nam0a22003131 4500
001 - ИДЕНТИФИКАТОР ЗАПИСИ
контрольное поле rc\642823
005 - ИДЕНТИФИКАТОР ВЕРСИИ
контрольное поле 20250621194321.0
035 ## - ДРУГИЕ СИСТЕМНЫЕ НОМЕРА
Идентификатор записи (NLR Aleph) 005883945
100 ## - ДАННЫЕ ОБЩЕЙ ОБРАБОТКИ
Данные общей обработки 20031121d1986 |||y0rusy50 ca
101 0# - ЯЗЫК РЕСУРСА
Язык текста, звукозаписи и т.д. русский
102 ## - СТРАНА ПУБЛИКАЦИИ ИЛИ ПРОИЗВОДСТВА
Страна публикации российская федерация
105 ## - ПОЛЕ КОДИРОВАННЫХ ДАННЫХ: ТЕКСТОВЫЕ МАТЕРИАЛЫ, МОНОГРАФИЧЕСКИЕ
Кодированные данные о монографическом текстовом документе a |||||||||
200 1# - ЗАГЛАВИЕ И СВЕДЕНИЯ ОБ ОТВЕТСТВЕННОСТИ
Основное заглавие Пьесы
Первые сведения об ответственности Думитру Раду Попеску
Последующие сведения об ответственности Пер. с рум. [и послесл.] Е. Азерниковой
-- [Худож. Т.В. Толстая]
210 ## - ПУБЛИКАЦИЯ, РАСПРОСТРАНЕНИЕ И ДР.
Место издания, распространения и т.д. М.
Имя издателя, распространителя и т. д. Радуга
Дата издания, распространения и т.д. 1986
215 ## - ФИЗИЧЕСКАЯ ХАРАКТЕРИСТИКА
Специфическое обозначение материала и объем 293, [2] с., [4] л. ил.
Другие сведения о физической характеристике ил.
Размеры 21
300 ## - ОБЩИЕ ПРИМЕЧАНИЯ
Текст примечания Загл. пер.: Фаянсовый гном из летнего сада и другие пьесы
327 1# - ПРИМЕЧАНИЯ О СОДЕРЖАНИИ
Текст примечания Содерж.: Эти грустные ангелы; Цезарь - шут пиратов, или Ловушка, или Кто осмелится проверить, фальшивая ли у императора лысина; Хория, или Птичье молоко; Фаянсовый гном из летнего сада
464 #0 - АНАЛИТИЧЕСКИЙ УРОВЕНЬ
Встроенное поле 2001#$aЭти грустные ангелы
Заглавие Эти грустные ангелы
464 #0 - АНАЛИТИЧЕСКИЙ УРОВЕНЬ
Встроенное поле 2001#$aЦезарь - шут пиратов, или Ловушка, или Кто осмелится проверить, фальшивая ли у императора лысина
Заглавие Цезарь - шут пиратов, или Ловушка, или Кто осмелится проверить, фальшивая ли у императора лысина
464 #0 - АНАЛИТИЧЕСКИЙ УРОВЕНЬ
Встроенное поле 2001#$aХория, или Птичье молоко
Заглавие Хория, или Птичье молоко
464 #0 - АНАЛИТИЧЕСКИЙ УРОВЕНЬ
Встроенное поле 2001#$aФаянсовый гном из летнего сада
Заглавие Фаянсовый гном из летнего сада
517 0# - ДРУГИЕ ВАРИАНТЫ ЗАГЛАВИЯ
Вариант заглавия Фаянсовый гном из летнего сада и другие пьесы
700 #1 - ИМЯ ЛИЦА - ПЕРВИЧНАЯ ОТВЕТСТВЕННОСТЬ
Начальный элемент ввода Попеску
Часть имени, кроме начального элемента ввода Д.Р.
Даты 1935-
Расширение инициалов личного имени Думитру Раду
801 #0 - ИСТОЧНИК ЗАПИСИ
Страна российская федерация
Организация NLR
Правила каталогизации psbo
801 #1 - ИСТОЧНИК ЗАПИСИ
Страна российская федерация
Организация ELAR
Источник данных rusmarc
852 ## - МЕСТОНАХОЖДЕНИЕ И ШИФР ХРАНЕНИЯ
Идентификатор организации NLR
Шифр хранения (Call Number) 87-3/680
942 ## - ДОПОЛНИТЕЛЬНЫЕ ЭЛЕМЕНТЫ ЗАПИСИ (АБИС)
Тип экземпляра АБИС Книга
980 ## - КОЛЛЕКЦИЯ
Название коллекции Национальная библиография
Экземпляры
Тип экземпляра Дата поступления Библиотека постоянного хранения Библиотека текущего хранения Место хранения Шифр хранения Штрих-код Статус не для выдачи
Книга 26.10.2013 РНБ (Московский) РНБ (Московский) Русский книжный фонд: издания с 1957 года, 9этаж 87-3/680 1-2242933